000
00264nam a22001217a 4500
008
171025b xxu||||| |||| 00| 0 eng d
041
_a
eng
080
_2
8 ED
_a
336.2
100
_a
55
101
_a
TAK
245
_a
CONSUMER HEALLTH
_c
BARRET.S
942
_2
udc
_c
BK
999
_c
35930
_d
35930